Basic electrical engineering (Record no. 7166)

000 -LEADER
fixed length control field 00658nam a2200217 4500
001 - CONTROL NUMBER
control field 7166
003 - CONTROL NUMBER IDENTIFIER
control field BD-DhUET
008 - FIXED-LENGTH DATA ELEMENTS--GENERAL INFORMATION
fixed length control field 740521s1975 nyua 001 0 eng
020 ## - INTERNATIONAL STANDARD BOOK NUMBER
International Standard Book Number 0070211523
040 ## - CATALOGING SOURCE
Original cataloging agency DLC
Transcribing agency DLC
Modifying agency BD-DhUET
082 00 - DEWEY DECIMAL CLASSIFICATION NUMBER
Classification number 623
Item number FIT/1975
100 1# - MAIN ENTRY--PERSONAL NAME
Personal name Fitzgerald, A. E.
245 10 - TITLE STATEMENT
Title Basic electrical engineering
Remainder of title circuits,electronics,machines,control
Statement of responsibility, etc. by A. E. Fitzgerald, David E. Higginbotham and Arvin Grabel
250 ## - EDITION STATEMENT
Edition statement 4th ed.
260 ## - PUBLICATION, DISTRIBUTION, ETC. (IMPRINT)
Place of publication, distribution, etc. New York
Name of publisher, distributor, etc. McGraw-Hill
Date of publication, distribution, etc. 1975
300 ## - PHYSICAL DESCRIPTION
Extent xiv, 817 p.
Other physical details illus.
Dimensions 24 cm.
650 #0 - SUBJECT ADDED ENTRY--TOPICAL TERM
Topical term or geographic name as entry element Electricity : Engineering
700 ## - ADDED ENTRY--PERSONAL NAME
Personal name Higginbotham, David E.
700 ## - ADDED ENTRY--PERSONAL NAME
Personal name Grabel, Arvin
942 ## - ADDED ENTRY ELEMENTS (KOHA)
Koha item type General Book
Holdings
Price effective from Koha date last seen Not for loan Copy number Koha issues (times borrowed) Koha date last borrowed Lost status Damaged status Source of classification or shelving scheme Koha full call number Piece designation (barcode) Koha item type Sublocation or collection (holding branch) Location (home branch) Koha normalized classification for sorting Withdrawn status Shelving location Date acquired
2014-12-072018-08-04 112018-07-21   623/PIT/197565364General BookCentral Library, BUETCentral Library, BUET623PIT1975 Circulation section2014-12-07
2015-03-122015-03-12 2     623/PIT/197543309General BookCentral Library, BUETCentral Library, BUET623_000000000000000_PIT_1975 Circulation section2015-03-12
2015-03-122015-03-12 3     623/PIT/197543314General BookCentral Library, BUETCentral Library, BUET623_000000000000000_PIT_1975 Circulation section2015-03-12
2015-03-122015-03-12 4     623/PIT/197543676General BookCentral Library, BUETCentral Library, BUET623_000000000000000_PIT_1975 Circulation section2015-03-12
2015-03-122015-03-12 5     623/PIT/197542843General BookCentral Library, BUETCentral Library, BUET623_000000000000000_PIT_1975 Circulation section2015-03-12
2015-04-162015-04-16 6     623/FIT/197543308General BookCentral Library, BUETCentral Library, BUET623_000000000000000_FIT_1975 Circulation section2015-04-16
2015-04-182015-04-18 7     623/FIT/197543316General BookCentral Library, BUETCentral Library, BUET623_000000000000000_FIT_1975 Circulation section2015-04-18
2015-04-212015-04-21 8     623/FIT/197543310General BookCentral Library, BUETCentral Library, BUET623_000000000000000_FIT_1975 Circulation section2015-04-21
2015-04-212015-04-21 9     623/FIT/197543677General BookCentral Library, BUETCentral Library, BUET623_000000000000000_FIT_1975 Circulation section2015-04-21
2015-04-212015-04-21 10     623/FIT/197543313General BookCentral Library, BUETCentral Library, BUET623_000000000000000_FIT_1975 Circulation section2015-04-21
2015-04-212015-04-21 11     623/FIT/197543307General BookCentral Library, BUETCentral Library, BUET623_000000000000000_FIT_1975 Circulation section2015-04-21
2015-04-212015-04-21 12     623/FIT/197551101General BookCentral Library, BUETCentral Library, BUET623_000000000000000_FIT_1975 Circulation section2015-04-21
2015-06-282015-06-28 13     623/FIT/197542841Reading ItemCentral Library, BUETCentral Library, BUET623_000000000000000_FIT_1975 Reading section2015-06-28
2015-06-282015-06-28 14     623/FIT/197542840Reading ItemCentral Library, BUETCentral Library, BUET623_000000000000000_FIT_1975 Reading section2015-06-28
2015-06-282015-06-28 15     623/FIT/197543679Reading ItemCentral Library, BUETCentral Library, BUET623_000000000000000_FIT_1975 Reading section2015-06-28